Missing Word: Jared Leto Quiz Stats

 Plays Quiz Updated Feb 27, 2018

Challenge
Share
Tweet
Embed
Score 0/18 Timer 03:00
2 Plays Today
Movie Missing Word % Correct
Dallas _____ ClubBuyers
90.9%
The _____ Red LineThin
89.6%
_____ Runner 2049Blade
89.1%
_____ and WhiteBlack
84.3%
Panic _____Room
81.6%
_____ for a DreamRequiem
80.1%
Girl, _____Interrupted
80%
Suicide _____Squad
79.7%
_____ ClubFight
76%
Movie Missing Word % Correct
How to Make an _____ QuiltAmerican
68.2%
American _____Psycho
42.9%
Lord of _____War
38.9%
Sunset _____Strip
31%
_____ HeartsLonely
29.8%
_____ LegendUrban
28.2%
Mr. _____Nobody
20.3%
_____ 27Chapter
15.8%
The Last of the High _____Kings
14.6%

Today's Daily Dose

You're not logged in!

Compare scores with friends on all Sporcle quizzes.
OR
Log In

You Might Also Like...

Show Comments

Extras

Top Quizzes Today


Score Distribution

Your Account Isn't Verified!

In order to create a playlist on Sporcle, you need to verify the email address you used during registration. Go to your Sporcle Settings to finish the process.

Report this User

Report this user for behavior that violates our Community Guidelines.

Details: